| 000 | 00361nam a2200121Ia 4500 | ||
|---|---|---|---|
| 008 | 220204s9999 xx 000 0 und d | ||
| 082 |
_a630(548.3) _bKAR |
||
| 100 | _aKarunakaran, C K | ||
| 245 | 0 | _aKeralathile vanangal noottandukaliloote (Kerala forest through centureis) | |
| 250 | _aEd.4 | ||
| 260 |
_aTrivandrum _bKerala Bhasha Institute _c1992 |
||
| 942 | _cBK | ||
| 999 |
_c40557 _d40557 |
||